Sexuality and violence, imagery and reality: censorship and the criminal control of obscenity
| Autor principal: | |
|---|---|
| Tipo de documento: | Print Libro |
| Lenguaje: | Inglés |
| Publicado: |
[Ottawa]
1984
|
| En: |
Working papers on pornography and prostitution (16)
Año: 1984 |
| Disponibilidad en Tübingen: | Disponible en Tübingen. UB: KB 7 E 815 |
| Verificar disponibilidad: | HBZ Gateway |
| Servicio de pedido Subito: | Pedir ahora. |
MARC
| LEADER | 00000cam a22000002c 4500 | ||
|---|---|---|---|
| 001 | 1090908695 | ||
| 003 | DE-627 | ||
| 005 | 20220514123753.0 | ||
| 007 | tu | ||
| 008 | 900705s1984 xx ||||| 00| ||eng c | ||
| 035 | |a (DE-627)1090908695 | ||
| 035 | |a (DE-576)020908695 | ||
| 035 | |a (DE-599)BSZ020908695 | ||
| 035 | |a (OCoLC)42993849 | ||
| 040 | |a DE-627 |b ger |c DE-627 |e rakwb | ||
| 041 | |a eng | ||
| 100 | 1 | |a Boyd, Neil |d 1951- |0 (DE-588)17075572X |0 (DE-627)060886064 |0 (DE-576)131610767 |4 aut | |
| 109 | |a Boyd, Neil 1951- |a Boyd, Neil T. 1951- | ||
| 245 | 1 | 0 | |a Sexuality and violence, imagery and reality |b censorship and the criminal control of obscenity |
| 264 | 1 | |a [Ottawa] |c 1984 | |
| 300 | |a V, 89, 78 S. |b graph. Darst. | ||
| 336 | |a Text |b txt |2 rdacontent | ||
| 337 | |a ohne Hilfsmittel zu benutzen |b n |2 rdamedia | ||
| 338 | |a Band |b nc |2 rdacarrier | ||
| 490 | 1 | |a Working papers on pornography and prostitution |v 16 | |
| 500 | |a Parallelsacht.: Sexualité et violence, images et réalité. Text engl. u. franz | ||
| 583 | 1 | |a Archivierung prüfen |c 20200919 |f DE-640 |z 1 |2 pdager | |
| 830 | 0 | |a Working papers on pornography and prostitution |v 16 |9 16 |w (DE-627)108987832X |w (DE-576)01987832X |7 am | |
| 951 | |a BO | ||
| ELC | |b 1 | ||
| LOK | |0 000 xxxxxcx a22 zn 4500 | ||
| LOK | |0 001 2147114510 | ||
| LOK | |0 003 DE-627 | ||
| LOK | |0 004 1090908695 | ||
| LOK | |0 005 19990914000000 | ||
| LOK | |0 008 900705||||||||||||||||ger||||||| | ||
| LOK | |0 040 |a DE-21 |c DE-627 |d DE-21 | ||
| LOK | |0 852 |a DE-21 | ||
| LOK | |0 852 1 |c KB 7 E 815 |9 00 | ||
| LOK | |0 935 |a krim | ||
| LOK | |0 936ln |a k1 | ||
| LOK | |0 939 |a 05-07-90 |b l01 | ||
| ORI | |a SA-MARC-krimdoka001.raw | ||
| SIG | |a UB: KB 7 E 815 | ||
